| 000 | 00540nam a2200205Ia 4500 | ||
|---|---|---|---|
| 003 | OSt | ||
| 005 | 20250919101443.0 | ||
| 008 | 210210b2009 xxu||||| |||| 00| 0 eng d | ||
| 020 | _a9788189866914 | ||
| 040 | _cAL | ||
| 041 | _aeng | ||
| 082 | _a589.24 SRIF | ||
| 100 |
_aSridhar K R Ed _9239600 |
||
| 245 | _aFrontiers in fungal ecology diversity and metabolites | ||
| 260 |
_aNew Delhi _bI K International Publishing House Pvt. Ltd. _c2009 |
||
| 300 | _axvi,336p | ||
| 690 |
_aFungi _9239601 |
||
| 906 | _a068706 | ||
| 942 |
_2ddc _cBK |
||
| 999 |
_c152876 _d152876 |
||